00623 2200205 4500001002100000005001500021035002000036245012100056250002000177300003200197020000600229082001200235084001800247264003600265336003600301337002000337338002700357600002400384990000900408INLIS00000000000229920260226090738 a0010-02260001311 aAplikasi Fisika Modern :b101 Aktivitas Cara & Proses Belajar Fisika yang Mudah & Menarik /cJanice Pratt Van Cleave aCetakan Pertama a152 hlm :bilust ;c20,8 cm a- a530.072 a530.072 JAN a aSemarang :bDahara Prize,c1989 2rdacontentaIlmu Murni (Fisika) 2rdamediaaFisik 2rdacarrieraHard Cover 4aIlmu Murni (Fisika) a6802